The new practical builder, and workman's companion (Record no. 113981)
[ view plain ]
| 000 -LEADER | |
|---|---|
| fixed length control field | 01280cam a22002055a 4500 |
| 001 - CONTROL NUMBER | |
| control field | L156016 |
| 008 - FIXED-LENGTH DATA ELEMENTS--GENERAL INFORMATION | |
| fixed length control field | 120425s1823 xxk f 000 0 eng d |
| 035 ## - SYSTEM CONTROL NUMBER | |
| System control number | (Sirsi) u156016 |
| 041 0# - LANGUAGE CODE | |
| Language code of text/sound track or separate title | eng |
| 100 1# - MAIN ENTRY--PERSONAL NAME | |
| Personal name | Nicholson, Peter |
| Dates associated with a name | 1765-1844 |
| 245 04 - TITLE STATEMENT | |
| Title | The new practical builder, and workman's companion |
| Remainder of title | containing a full display and elucidation of the most recent and skilful methods, pursued by architects and artificers, in the various departments of carpentry, joinery, bricklaying, masonry, slating, plumbing, painting, glazing, plastering, &c. &c. : including, also, new treatises on geometry, theoretical and practical, trigonometry, conic sections, perspective, shadows, and elevations : a summary of the art of building ... : an extensive glossary of the technical terms peculiar to each department : and the theory and practice of the five orders as employed in decorative architecture ... |
| 260 ## - PUBLICATION, DISTRIBUTION, ETC. | |
| Place of publication, distribution, etc. | London |
| Name of publisher, distributor, etc. | Printed for Thomas Kelly ... |
| Date of publication, distribution, etc. | 1823 |
| 300 ## - PHYSICAL DESCRIPTION | |
| Extent | 2 v. |
| Other physical details | ill. |
| Dimensions | 30 cm. |
| 505 2# - FORMATTED CONTENTS NOTE | |
| Formatted contents note | V. 1. Text -- V. 2. Plates |
| 520 ## - SUMMARY, ETC. | |
| Summary, etc. | The Library holds two copies, 1 copy bound as a single volume. |
| 583 ## - ACTION NOTE | |
| Action | Condition reviewed |
| Time/date of action | 20120620 |
| Status | condition level 1, 2 and 2 |
| 651 #4 - SUBJECT ADDED ENTRY--GEOGRAPHIC NAME | |
| Geographic name | Great Britain |
| Chronological subdivision | 1707- |
| 690 ## - LOCAL SUBJECT ADDED ENTRY--TOPICAL TERM (OCLC, RLIN) | |
| Topical term or geographic name as entry element | Construction management |
| 9 (RLIN) | 6230 |
| 942 ## - ADDED ENTRY ELEMENTS (KOHA) | |
| Suppress in OPAC | 0 |
| Withdrawn status | Lost status | Source of classification or shelving scheme | Damaged status | Not for loan | Home library | Current library | Shelving location | Date acquired | Total Checkouts | Full call number | Barcode | Date last seen | Copy number | Price effective from | Koha item type |
|---|---|---|---|---|---|---|---|---|---|---|---|---|---|---|---|
| Dewey Decimal Classification | Historic collection | Historic collection | Historic collection | 25/04/2012 | QUARTO 1823 NICHOLSON VOL 1 | 30077885 | 06/08/2019 | 1 | 06/08/2019 | Book | |||||
| Dewey Decimal Classification | Historic collection | Historic collection | Historic collection | 25/07/2012 | QUARTO 1823 NICHOLSON VOL 2 | 30077889 | 06/08/2019 | 1 | 06/08/2019 | Book | |||||
| Dewey Decimal Classification | Historic collection | Historic collection | Historic collection | 25/07/2012 | QUARTO 1823 NICHOLSON VOLS 1 AND 2 | 30077893 | 06/08/2019 | 1 | 06/08/2019 | Book |